000 00630cam a2200229 a 4500
001 2314112
005 20180918044529.0
008 810327s1982 mdua b 001 0 eng
010 _a 81003821
020 _a0876198930 :
_c$6.95 (est.)
040 _aDLC
_cDLC
_dDLC
041 _aeng
060 _aWZ 345 R658c
080 _a808.06 ROB
082 0 0 _a808.06 ROB
_219
100 1 _a25
101 _aEDU
245 1 0 _aClinical writing for health professionals /
_cAlice M. Robinson and Lucille E. Notter.
504 _aBibliography: p. 139-145.
906 _a7
_bcbc
_corignew
_d1
_eocip
_f19
_gy-gencatlg
942 _2ddc
_cBK
999 _c47911
_d47911